Personální audit: jeho efekty a využití

Personálny audit zameraný na to, čo je pre výkon firmy z hľadiska využitia ľudských zdrojov dôležité. Personálny audit vykonaný vlastnými silami alebo profesionálnou poradenskou firmou. Čo je dôležité pri realizácii personálneho auditu. Kedy použiť personálny audit. Závery personálneho auditu.

Gespeichert in:
Bibliographische Detailangaben
1. Verfasser: Úlehlová, Martina
Weitere Verfasser: Zámečníková, Lucie
Format: Buchkapitel
Sprache:Tschechisch
Schlagworte:
Tags: Tag hinzufügen
Keine Tags, Fügen Sie das erste Tag hinzu!

MARC

LEADER 00000naa$a2200000$$$4500
001 0036182
005 20231106122244.1
041 0 |a cze 
044 |a CZ 
245 1 0 |a Personální audit: jeho efekty a využití  |c Martina Úlehlová, Lucie Zámečníková 
520 |a Personálny audit zameraný na to, čo je pre výkon firmy z hľadiska využitia ľudských zdrojov dôležité. Personálny audit vykonaný vlastnými silami alebo profesionálnou poradenskou firmou. Čo je dôležité pri realizácii personálneho auditu. Kedy použiť personálny audit. Závery personálneho auditu. 
610 2 0 |a práca personálna 
610 2 0 |a personalistika 
610 2 0 |a zamestnanci 
610 2 0 |a zdroje ľudské 
610 2 0 |a kolektív pracovný 
610 2 0 |a komunikácia interná 
610 2 0 |a informácie 
610 2 0 |a audit 
610 2 0 |a poradenstvo personálne 
100 1 |a Úlehlová, Martina 
700 1 |a Zámečníková, Lucie